| 000 | 00871ntm a22002177a 4500 | ||
|---|---|---|---|
| 005 | 20170809143047.0 | ||
| 008 | 170802s2011 xx a frb 000 0 eng d | ||
| 040 |
_aEG-ScBUE _beng _cEG-ScBUE |
||
| 082 | 0 | 4 |
_a624 _bMAH _222 |
| 100 | 1 | _aMahfouz, Michael Mourad. | |
| 245 | 1 | 0 |
_aCustomer Satisfaction in construction : _bInvestigating it's role towards improving productivity in Egyption construction companies / _cMichael Mourad Mahfouz. |
| 260 | _c2011. | ||
| 300 |
_a95 p. : _bill. ; _c28 cm. |
||
| 500 | _aA dissertation submitted to the faculty of engineering , The British University in egypt , in partial fulfillment of the requirements for the bachelor degree in civil engineering. | ||
| 590 | _amai allam | ||
| 650 | 7 |
_2BUEsh _a Civil Engineering. _vProjects |
|
| 653 |
_bENGCIV _cAugust2017 |
||
| 655 | _vSPRO | ||
| 700 | 1 |
_aOthman, Ayman. _eths. |
|
| 942 | _2ddc | ||
| 999 |
_c25239 _d25211 |
||